[Event "FICGS rapid B 000029 email"]
[Site "FICGS email"]
[Date "2006.12.26"]
[Round "1"]
[White "Batal, Jean"]
[Black "Milian, Milan Jr"]
[Result "1/2-1/2"]
[WhiteElo "1650"]
[BlackElo "1678"]
[PlyCount "36"]
[EventDate "2006.??.??"]
[EventType "tourn (rapid)"]
[EventRounds "6"]
[SourceTitle "Corr 2022"]
[Source "ChessBase"]
[SourceDate "2021.10.24"]
[SourceVersion "1"]
[SourceVersionDate "2021.10.24"]
[SourceQuality "1"]

1. d4 d5 2. Nf3 Bf5 3. e3 Nf6 4. Bd3 Bxd3 5. cxd3 e6 6. 0-0 Nc6 7. Nc3 Bb4 8. a3 Be7 9. e4 dxe4 10. dxe4 0-0 11. d5 exd5 12. exd5 Nb8 13. Be3 Nbd7 14. Qb3 Bc5 15. Qxb7 Rb8 16. Qa6 Bxe3 17. fxe3 Rxb2 18. Qxa7 Nb6 1/2-1/2